Jurisprudencia Ecuatoriana de Casacin̤

Detalles Bibliográficos
Autor principal: Pico Mantilla, Galo
Formato: eBook
Lenguaje:español
Publicado: Barcelona : Editorial vLex, 2006
Materias:
Acceso en línea:Acceso restringido

MARC

LEADER 00000nam a22000007a 4500
005 2012091008598.0
007 cr|||| ||||
008 120910s2006 sp |||||s|||| 00||0 spa d
020 |a 978-9978-45-001-7 
035 |a 6661 
040 |a vLex 
090 |c 3407  |d 3407 
100 1 |a Pico Mantilla, Galo 
245 1 0 |a Jurisprudencia Ecuatoriana de Casacin̤   |h [Recurso electrn̤ico] /  |c Galo Pic ̤Mantilla 
256 |a Servicio en ln̕ea 
260 |a Barcelona :  |b Editorial vLex,  |c 2006 
300 |a 1 recurso electrn̤ico 
506 1 |a Contenido solo disponible en los productos indicados  |d vLex Global   |d vLex Global (Academic Edition, excluding Law Schools)   |d vLex Global (U.S. Academic Edition, Law Schools)   |d vLex Global (U.S. Academic Edition, excluding Law Schools)   |d vLex Global (Academic Edition, Law Schools)  
650 |a Jurisprudencia  |z Ecuador 
740 0 |a vLex Libros (Servicio en ln̕ea) 
856 4 0 |u http://vlex.com/source/jurisprudencia-ecuatoriana-casacion-6661  |z Acceso restringido 
942 |c BOOK 
999 0 |a Jurisprudence